000 00303nam a2200133Ia 4500
100 _aWoollard/ R./ Lafore/ R.
942 _cBK
654 _aComputers
245 _aWaite group''''s master C++
260 _bGalgotia Publications
_aNew Delhi
_c1992
300 _a398
546 _aENGLISH
999 _c32268
_d32268